| 000 | 00750nam a22002417a 4500 | ||
|---|---|---|---|
| 999 |
_c6033 _d6033 |
||
| 003 | AR-CdUCM | ||
| 008 | 190313b ||||| |||| 00| 0 spa d | ||
| 040 |
_aMUNICIPALIDAD PROVINCIAL DEL CUSCO _cBIBLIOTECA MUNICIPAL DEL CUSCO |
||
| 082 |
_a868.6 / _bJ24 |
||
| 100 |
_aJardiel Poncela, Enrique _9761 |
||
| 245 | _aEloisa esta debajo de un Almendro / | ||
| 260 |
_aMadrid : _bSalvat Editores, _bAlianza Editorial, _c1970. |
||
| 300 |
_a168 paginas ; _c17cm. |
||
| 440 |
_aBiblioteca Clasica Universal _n14 _917613 |
||
| 500 | _aEnsayo de Teatro | ||
| 650 |
_aTeatro EspaƱol _9648 |
||
| 650 |
_aSiglo XX _98 |
||
| 650 |
_aLiteratura _983 |
||
| 650 |
_aLerica _917614 |
||
| 700 |
_aMarqueire, Alfredo _917615 |
||
| 942 |
_2ddc _cLIBROS |
||
| 945 | _apjha | ||